Global focus <the> EFMD business magazine

Enregistré dans:
Détails bibliographiques
Format: Publication en série
Langue:anglais
Publié: Brussels EFMD 2017
Tags: Ajouter un tag
Pas de tags, Soyez le premier à ajouter un tag!

MARC

LEADER 00000nas2a2200000 4500
001 0234046
005 20220302101623.9
041 0 |a eng 
044 |a BE 
245 1 0 |a Global focus  |b <the> EFMD business magazine 
264 1 |a Brussels  |b EFMD  |c 2017 
773 0 |w eu_un_cat*0052830 
774 0 |w eu_un_cat*0282268